La brujita encantada y otros cuentos / (Registro nro. 12265)
[ vista simple ]
| 000 -LIDER | |
|---|---|
| fixed length control field | 00736nam a2200229 4500 |
| 003 - IDENTIFICACDOR DE NÚMERO DE CONTROL | |
| control field | DO-SdBNP |
| 005 - DATE AND TIME OF LATEST TRANSACTION | |
| control field | 20250612134146.0 |
| 008 - ELEMENTOS DE LONGITUD FIJA | |
| fixed length control field | 161205b1990 pr||| |||| 00| 0 spa d |
| 020 ## - ISBN | |
| International Standard Book Number | 8449907519 |
| 040 ## - FUENTE DE CATALOGACIÓN | |
| Agencia que crea de manera original el registro | BPMSU |
| Idioma de catalogación | spa |
| Agencia que realiza la transcripción | BPMSU |
| 082 #4 - NÚMERO DE CLASIFICACIÓN DECIMAL DE DEWEY | |
| Classification number | PR863.6 |
| Item number | F866b 1990 |
| Edition number | 22 |
| 100 1# - ASIENTO PRINCIPAL -- NOMBRE PERSONAL | |
| Nombre personal | Freire de Matos, Isabel |
| 245 13 - MENCIÓN DE TITULO | |
| Título | La brujita encantada y otros cuentos / |
| Mención de responsabilidad | Isabel Freire de Matos |
| 250 ## - MENCIÓN DE EDICION | |
| Mención de edición | 2 da. ed. |
| 260 ## - PUBLICACIÓN, DISTRIBUCIÓN, ETC. (PIE DE IMPRENTA) | |
| Lugar de publicación, distribución, etc | San Juan, Puerto Rico : |
| Nombre del editor, distribuidor, etc. | Instituto de Cultura Puertorriqueña |
| Fecha de publicación, distribución, etc | 1990 |
| 300 ## - DESCRIPCIÓN FÍSICA | |
| Extensión | 66 p. : |
| Dimensiones | 26 cm |
| 590 ## - NOTA LOCAL | |
| Texto de la nota local | Inventariado, 2025/VM |
| 650 #4 - ENCABEZAMIENTO DE MATERIA--TEMÁTICO | |
| Término temático o nombre geográfico como elemento de entrada | Cuentos infantiles puertorriqueños |
| 650 #4 - ENCABEZAMIENTO DE MATERIA--TEMÁTICO | |
| Término temático o nombre geográfico como elemento de entrada | Literatura infantil puertorriqueña |
| 910 ## - VALIDACIÓN | |
| Validación | VMateo V. Control de calidad. BPMSU |
| 942 ## - ADDED ENTRY ELEMENTS (KOHA) | |
| Source of classification or shelving scheme | Dewey Decimal Classification |
| Koha item type | Libros |
| Withdrawn status | Lost status | Source of classification or shelving scheme | Damaged status | Not for loan | Collection code | Home library | Current library | Date acquired | Source of acquisition | Total Checkouts | Full call number | Barcode | Date last seen | Price effective from | Koha item type |
|---|---|---|---|---|---|---|---|---|---|---|---|---|---|---|---|
| Dewey Decimal Classification | Colección Infantil General | Biblioteca Pública Metropolitana Salomé Ureña | Biblioteca Pública Metropolitana Salomé Ureña | 12/05/2016 | FUNDI | BPMSU CGI PR863.6 F866b 1990 | BPMSU16120111 | 12/05/2016 | 12/05/2016 | Libros |